Biblioteca Rivadavia.

Guardado en:
Formato: Deslizar
Materias:
Etiquetas: Agregar Etiqueta
Sin Etiquetas, Sea el primero en etiquetar este registro!
LEADER 00803ngm a22002175g 4500
001 CEM.cems022364
008 130507b1998##################0###0#####d
005 20241031131949.0
245 0 0 |a Biblioteca Rivadavia. 
300 |a 22'. 
500 |a En soporte VHS, consultar en ventanilla. 
505 0 |a Biblioteca Rivadavia: sus orígenes. El edificio: estructura y estilo arquitectónico. Funcionamiento de la biblioteca. 
538 |a Soporte: VHS - Norma: Pal N - Color: Si - Grabación DRD 1998 - Hitachi=1450 
082 9 1 |. 1/BAH-2 
653 |a BAHIA BLANCA 
653 |a BIBLIOTECA RIVADAVIA 
653 |a BIBLIOTECOLOGIA 
653 |a BAHIA BLANCA-ARQUITECTURA 
653 |a NIVEL PRIMARIO 
653 |a NIVEL SECUNDARIO 
859 |a CEMS  |b BIB. CEMS - Depto. Recursos Didacticos  |h 918.1  |i BAH-2  |k DRD  |p 1007.12  |t Ej.1